| 000 | 00716nam a2200229 a 4500 | ||
|---|---|---|---|
| 005 | 20151125041201.0 | ||
| 008 | 140219b1997 ck ||||| |||| 00| 0 spa d | ||
| 040 |
_aCO-BoIAVH _cCO-BoIAVH |
||
| 041 | _aspa | ||
| 044 | _ack | ||
| 090 |
_aLB _b00173 |
||
| 100 |
_aRoldán Luna, Diego _96848 |
||
| 245 | _aEstructura del acuerdo de competitividad para la cadena de semillas oleaginosas, aceites y grasas animales y vegetales y jabones | ||
| 260 |
_aBogotá _bIICA _c1997 |
||
| 300 | _a101 | ||
| 650 |
_aBiocomercio _942889 |
||
| 650 |
_aPlantas útiles _942890 |
||
| 650 |
_aEconomía ambiental _942891 |
||
| 650 |
_aSistemas de producción _942892 |
||
| 700 |
_aNavarro M., Hugo Enrique _96852 |
||
| 942 |
_cINFORME _2z |
||
| 999 |
_c193 _d193 |
||